Linguistic and job-related aspects political correctness

Politická korektnosť a jej vývoj v posledných desaťročiach. Multikultúrna spoločnosť a politická korektnosť. Pôvodným zámerom politickej korektnosti bolo vyhnúť sa stereotypom, ktoré by mali tendenciu zovšeobecňovať určitú skupinu ľudí, ignorovať individuálne rozdiely, možnosti alternatívy a inakosť...

Description complète

Enregistré dans:
Détails bibliographiques
Auteur principal: Bláhová, Mária
Autres auteurs: Majtánová, Anna
Format: Chapitre de livre
Langue:anglais
Sujets:
Tags: Ajouter un tag
Pas de tags, Soyez le premier à ajouter un tag!

MARC

LEADER 00000naa$a2200000$$$4500
001 0223827
005 20240502073650.4
041 0 |a eng 
044 |a SK 
245 1 0 |a Linguistic and job-related aspects political correctness  |c Mária Bláhová, Anna Majtánová 
520 |a Politická korektnosť a jej vývoj v posledných desaťročiach. Multikultúrna spoločnosť a politická korektnosť. Pôvodným zámerom politickej korektnosti bolo vyhnúť sa stereotypom, ktoré by mali tendenciu zovšeobecňovať určitú skupinu ľudí, ignorovať individuálne rozdiely, možnosti alternatívy a inakosť všeobecne. 
610 2 0 |a jazyk diplomatický 
610 2 0 |a komunikácia interkultúrna 
610 2 0 |a komunikácia multikultúrna 
610 2 0 |a politika 
610 2 0 |a jazyky cudzie 
610 2 0 |a kultúra 
610 2 0 |a diplomacia 
100 1 |a Bláhová, Mária 
700 1 |a Majtánová, Anna